书目信息 |
| 题名: |
数据结构与算法图解
|
|
| 作者: | 温格罗 著 ;袁志鹏 译 | |
| 分册: | ||
| 出版信息: | 北京 人民邮电出版社 2019 |
|
| 页数: | 158页 | |
| 开本: | 24cm | |
| 丛书名: | 图灵程序设计丛书 | |
| 单 册: | ||
| 中图分类: | TP311.12-64 , TP301.6-64 , TP311.12 | |
| 科图分类: | ||
| 主题词: | 数据结构--shu ju jie gou--图解 , 算法分析--suan fa fen xi--图解 | |
| 电子资源: | ||
| ISBN: | 978-7-115-50900-0 | |
| 000 | 01595nam 2200349 450 | |
| 001 | 1958022155 | |
| 005 | 20190508101139.6 | |
| 010 | @a978-7-115-50900-0@dCNY 49.00 | |
| 099 | @aCAL 012019059333 | |
| 100 | @a20190508d2019 em y0chiy50 ea | |
| 101 | 1 | @achi@ceng |
| 102 | @aCN@b110000 | |
| 105 | @aak z 000yy | |
| 200 | 1 | @a数据结构与算法图解@Ashu ju jie gou yu suan fa tu jie@f(美) 杰伊·温格罗著@d= A common-sense guide to data structures and algorithms@fJay Wengrow@g袁志鹏译@zeng |
| 210 | @a北京@c人民邮电出版社@d2019 | |
| 215 | @a158页@c图@d24cm | |
| 225 | 2 | @a图灵程序设计丛书@Atu ling cheng xu she ji cong shu |
| 306 | @a由The Pragmatic Programmers, LLC.授权出版 | |
| 314 | @a杰伊·温格罗,讲师、工程师,一直致力于全民编程教育。编程培训公司Actualize、教育公司Anyone Can Learn To Code的创始人和CEO。 | |
| 314 | @a袁志鹏,程序员,关注于技术与业务架构设计。 | |
| 330 | @a本书是数据结构与算法的入门指南,不局限于某种特定语言,略过复杂的数学公式,用通俗易懂的方式针对编程初学者介绍数据结构与算法的基本概念,培养读者编程逻辑。主要内容包括:为什么要了解数据结构与算法,大O表示法及其代码优化利用,栈、队列等的合理使用,等等。 | |
| 410 | 0 | @12001 @a图灵程序设计丛书 |
| 500 | 10 | @aCommon-sense guide to data structures and algorithms@mChinese |
| 606 | 0 | @a数据结构@Ashu ju jie gou@j图解 |
| 606 | 0 | @a算法分析@Asuan fa fen xi@j图解 |
| 690 | @aTP311.12-64@v5 | |
| 690 | @aTP301.6-64@v5 | |
| 690 | @aTP311.12@v4 | |
| 701 | 1 | @a温格罗@Awen ge luo@g(Wengrow, Jay)@4著 |
| 702 | 0 | @a袁志鹏@AYuan Zhipeng@4译 |
| 801 | 0 | @aCN@bNEU@c20190508 |
| 905 | @aBZT@dTP311.12@e7 | |
| 数据结构与算法图解/(美) 杰伊·温格罗著= A common-sense guide to data structures and algorithms/Jay Wengrow/袁志鹏译.-北京:人民邮电出版社,2019 |
| 158页:图;24cm.-(图灵程序设计丛书) |
| ISBN 978-7-115-50900-0:CNY 49.00 |
| 本书是数据结构与算法的入门指南,不局限于某种特定语言,略过复杂的数学公式,用通俗易懂的方式针对编程初学者介绍数据结构与算法的基本概念,培养读者编程逻辑。主要内容包括:为什么要了解数据结构与算法,大O表示法及其代码优化利用,栈、队列等的合理使用,等等。 |
| ● |
| 相关链接 |
|
|
|
正题名:数据结构与算法图解
索取号:TP311.12/7
 
预约/预借
| 序号 | 登录号 | 条形码 | 馆藏地/架位号 | 状态 | 备注 |
| 1 | 869146 | 2000869146 | 第二书库/ [索取号:TP311.12/7] | 在馆 | |
| 2 | 869147 | 2000869147 | 第二书库/ [索取号:TP311.12/7] | 在馆 | |
| 3 | 869148 | 2000869148 | 第二书库/ [索取号:TP311.12/7] | 在馆 |